000 00411nam a2200169Ia 4500
001 9966
005 20260306161757.0
008 260306t9999||||xx |||||||||||||| ||spa||
041 _aESP
082 _a869.56
_bD212
100 _aD'Addieco, Antonio,
_eAUT
245 0 _aI concorso di racconti brevi in aymara Ludovico Bertonio
300 _a
_c
650 _aGEN
654 _aCHU
942 _cLIB
_dJUS
_fJUS
_2ddc
_n
999 _c9966
_d9966